100 personnages Harry Potter par images - Statistiques

Statistiques générales
  • Ce quiz a été pris 7 109 fois
    7 104 depuis la dernière actualisation
  • Le résultat moyen est 70 sur 100
Statistiques - réponses
Par images Réponse % Correct
Harry Potter
100%
Hermione Granger
100%
Ron Weasley
100%
Albus Dumbledore
99%
Lord Voldemort
99%
Rubeus Hagrid
99%
Severus Rogue
99%
Drago Malefoy
98%
Sirius Black
98%
Dobby
97%
Ginny Weasley
97%
Neville Londubat
97%
Fred Weasley
96%
George Weasley
96%
Minerva McGonagall
96%
Remus Lupin
96%
Dolores Ombrage
95%
Luna Lovegood
95%
Cédric Diggory
94%
Bellatrix Lestrange
93%
Peter Pettigrow
93%
Fleur Delacour
92%
James Potter
92%
Alastor Maugrey
91%
Cho Chang
91%
Hedwige
90%
Lucius Malefoy
90%
Viktor Krum
90%
Arthur Weasley
89%
Dudley Dursley
89%
Molly Weasley
89%
Lily Potter
87%
Mimi Geignarde
87%
Nick-Quasi-Sans-Tête
87%
Argus Rusard
86%
Percy Weasley
85%
Pétunia Dursley
85%
Vernon Dursley
85%
Vincent Crabbe
85%
Gregory Goyle
84%
Bill Weasley
83%
Buck
82%
Nymphadora Tonks
82%
Kreattur
81%
Gilderoy Lockhart
79%
Olivier Dubois
79%
Garrick Ollivander
77%
Quirinus Quirrell
77%
Grosse Dame
76%
Pattenrond
75%
Sibylle Trelawney
75%
Lavande Brown
74%
Narcissa Malefoy
74%
Seamus Finnigan
74%
Rita Skeeter
72%
Dean Thomas
71%
Horace Slughorn
71%
Pomona Chourave
71%
Barty Croupton Senior
70%
Filius Flitwick
70%
Cornelius Fudge
68%
Igor Karkaroff
68%
Xenophilius Lovegood
67%
Poppy Pomfresh
66%
Parvati Patil
65%
Crockdur
64%
Miss Teigne
64%
Renée Bibine
64%
Fumseck
63%
Colin Crivey
61%
Olympe Maxime
61%
Fenrir Greyback
56%
Marjorie Dursley
56%
Charlie Weasley
55%
Angelina Johnson
53%
Bathilda Tourdesac
52%
Kingsley Shacklebolt
51%
Lee Jordan
51%
Graup
50%
Amos Diggory
49%
Gripsec
49%
Pansy Parkinson
49%
Firenze
48%
Mondingus Fletcher
48%
Katie Bell
46%
Cormac MacLaggen
41%
Rufus Scrimgeour
41%
Stan Rocade
40%
Abelforth Dumbledore
36%
Arabella Figg
33%
Coquecigrue
30%
Alicia Spinnet
26%
Elphias Doge
26%
Gellert Grindelwald
26%
Ernie MacMillan
20%
Corban Yaxley
19%
Phineas Nigellus Black
15%
Muriel
13%
Wilhelmina Gobe-Planche
8%
Barjow
7%
Aucun quiz correspondant
Distribution des résultats
% des personnes avec chaque résultat
Percentile par nombre de réponses
Votre historique - résultats
Vous n’avez pas pris ce quiz depuis la dernière actualisation